000 01200cad a22002295a 4500
001 L143463
008 080513s20080423xxk f 000 0 eng d
035 _a(Sirsi) u143463
041 0 _aeng
050 0 4 _a364.163 $2 18
110 2 _aRoyal Institution of Chartered Surveyors
_94900
245 0 0 _aMortgage fraud
_bexamples, indicators and penalties
_h[electronic resource]
260 _aLondon
_bRICS
_c2008
520 _aLooks at a number of different types of mortgage fraud. Lists a number of warning signs and indicators which valuers should be alert to. Provides guidance on action that should be taken in these circumstances. Argues that mortgage fraud is not possible without the knowledge or collusion of property professionals. Outlines the possible consequences for valuers in becoming involved in such practices.
521 2 _aAdvanced
590 _aKA
650 2 4 _aFRAUD ACT 2006
651 4 _aUnited Kingdom
_y
690 _aPROPERTY-RESIDENTIAL PROPERTY-RESIDENTIAL PROPERTY FINANCE AND INVESTMENT-MORTGAGING RESIDENTIAL PROPERTY
856 4 0 _uhttps://www.rics.org/site/download_feed.aspx?fileID=4183
_zMembers can view the item free of charge at www.rics.org...
942 _n0
999 _c108162
_d108162